000 01697nam a22004337a 4500
003 CHAP
005 20220817044240.0
008 090127s2008 mx r 00010 spa d
010 _a95707
011 _a96679
035 _a107335
040 _cCHAP
090 _aTesis
100 1 _aGordillo Salinas, Víctor Manuel.
_950004
245 1 0 _aZonificación agroclimática de la región del istmo de Tehuanantepec, Oaxaca
_c/por Víctor Manuel Gordillo Salinas e Alondra Villeda Monsalvo
260 _aChapingo, Méx. :
_bEl autor,
_c2008
300 _aviii, 103 h. :
_bilus., gráfs., cuadros
502 _aTesis (Ing. en Irrigación) -- UACH. Departamento de Irrigación
530 _aTambién disponible en línea
590 _aALEPH
_b10
_c20130110
_lUCH01
_h1526
590 _aBATCH-UPD
_b10
_c20130110
_lUCH01
_h0401
590 _aBATCH-UPD
_b10
_c20130110
_lUCH01
_h2004
590 _aBATCH-UPD
_b10
_c20130410
_lUCH01
_h0035
590 _aBATCH-UPD
_b10
_c20130410
_lUCH01
_h1639
590 _aBATCH-UPD
_b10
_c20130913
_lUCH01
_h2226
590 _aBATCH-UPD
_b10
_c20140324
_lUCH01
_h1508
590 _aBATCH-UPD
_b10
_c20141002
_lUCH01
_h0838
590 _aCONVERSION
_b10
_c20130109
_lUCH01
_h1353
650 1 4 _aAgricultura sustentable.
650 1 4 _aBalance hídrico.
_99602
650 1 4 _aCambios climáticos.
_917792
650 1 4 _aCultivos
_xZonas de
_xOaxaca.
_930352
700 1 _aVilleda Monsalvo, Alondra
_9119732
856 _3Finding aid
_uhttp://10.13.5.2/tesis/107335.pdf
_zTeclea aqui
901 _aBK
942 _cFOLL
949 _aTesis
_bBC
_cTES
_d33724002083769
_eTS1
_gDonaciØn
_h48226
_i107335
_sb
949 _aTesis
_bBC
_cTES
_d33724002083801
_eTS2
_fc.2
_gDonaciØn
_h48227
_i107335
_sb
999 _c95707
_d95707